00425nam a2200157Ia 4500003000400000005001700004008004100021020001800062040000900080082001700089100002000106245004600126260005700172300000900229650002900238OSt20200128101705.0190216s9999||||xx |||||||||||||| ||und|| a9789381335345 coclc a658.3bSHA/O aShankar, Meera  0aOrganizational Behaviour /cMeera Shankar bInternational Book House Pvt Ltd,c2013.aNew Delhi: a303p aOrganisational Behaviour